000 00303nam a22001337a 4500
008 170526b xxu||||| |||| 00| 0 eng d
020 _a9780073209258
041 _aeng
080 _27TH
_a621
100 _a27
101 _aIM
245 _aVECTOR MECHANICS FOR ENGINEERS
_cBEER, F.P
942 _2udc
_cBK
999 _c14561
_d14561